书目信息 |
| 题名: |
临床生化检验
|
|
| 作者: | ;上海市医院化验所 主编 | |
| 分册: | ||
| 出版信息: | 上海 上海科学技术出版社 1979.9 |
|
| 页数: | 435页 | |
| 开本: | 26cm | |
| 丛书名: | ||
| 单 册: | ||
| 中图分类: | R446.1 | |
| 科图分类: | ||
| 主题词: | 诊断学 | |
| 电子资源: | ||
| ISBN: | ||
| 000 | 00528nam0 2200181 45 | |
| 001 | 0181013247 | |
| 005 | 20060420093245.51 | |
| 010 | @dCNY2.60 | |
| 100 | @a20810111d km y0chiy0120 ea | |
| 101 | 0 | @achi |
| 200 | 1 | @a临床生化检验@Alin chuang sheng hua jian yan@f上海市医院化验所主编@Fshang hai shi yi xue hua yan s |
| 210 | @a上海@c上海科学技术出版社@d1979.9 | |
| 215 | @a435页@d26cm | |
| 606 | 0 | @a诊断学 |
| 690 | @aR446.1 | |
| 711 | 0 | @a上海市医院化验所@4主编 |
| 801 | @aCN@bTSTC@c20060420 | |
| 905 | @dR446.1@e20@f2@b158716-17 | |
| 临床生化检验/上海市医院化验所主编.-上海:上海科学技术出版社,1979.9 |
| 435页;26cm |
| ISBN :CNY2.60 |
| ● |
| 相关链接 |
|
|
|
|
正题名:临床生化检验
索取号:R446.1/20
 
预约/预借
| 序号 | 登录号 | 条形码 | 馆藏地/架位号 | 状态 | 备注 |
| 1 | 0158716 | 202269400 | 密集书库/ [索取号:R446.1/20] | 在馆 | |
| 2 | 0158717 | 000715541 | 第二样本阅览室/ [索取号:R446.1/20] | 在馆 |